000 00664nam a2200253 a 4500
001 BRL_1351
005 20190320211149.0
008 080114s1974----nyua######---#000-0#eng-#
020 _a0823002233
041 _aeng
044 _anyu
050 4 _aTP909
_b.W45 1974
100 1 _aWeigle, Palmy
_926614
245 1 0 _aAncient dyes for modern weavers
_cBy Palmy Weigle.
260 _aNew York
_bWatson-Guptill
_c1974
300 _a128 p.
_bil.
_c23 cm.
500 _aAu1576
500 _aIncluye índice
504 _aBibliografía: p. 122-124
650 1 4 _aTintes y teñido
_94415
650 1 4 _aPlantas tintoreas
_910629
902 _aGRL
942 _2lcc
_cB
999 _c10163
_d10163